[Event "Gatineau Nez Rouge"]
[Site "Gatineau CAN"]
[Date "2012.12.11"]
[Round "4"]
[White "Jobin, Gilles G"]
[Black "Rose, Richard1"]
[Result "0-1"]
[WhiteElo "1816"]
[BlackElo "1885"]
[PlyCount "86"]
[GameId "2160767909411367"]
[EventDate "2012.11.20"]
[EventType "swiss"]
[EventRounds "5"]
[EventCountry "CAN"]
[SourceTitle "EXT 2022"]
[Source "ChessBase"]
[SourceDate "2021.10.06"]
[SourceVersion "1"]
[SourceVersionDate "2021.10.06"]
[SourceQuality "1"]

1. Nf3 c5 2. c4 Nc6 3. Nc3 g6 4. g3 Bg7 5. Bg2 Nf6 6. d3 d6 7. O-O Bd7 8. Bd2 O-O 9. Qc1 Rb8 10. Bh6 Ng4 11. Bxg7 Kxg7 12. Nd5 e6 13. Qc3+ f6 14. Nf4 Nge5 15. e3 a6 16. d4 Nxf3+ 17. Bxf3 cxd4 18. exd4 e5 19. dxe5 dxe5 20. Bxc6 bxc6 21. Nd3 Bg4 22. Rfe1 Qe7 23. c5 Qd7 24. Rxe5 Bh3 25. Re3 g5 26. Rae1 Rf7 27. Ne5 Qd5 28. f3 Re7 29. Ng4 Rf7 30. Nxf6 Rxf6 31. g4 Rbf8 32. Rd3 Qf7 33. Qe5 Kg6 34. Rd6 h5 35. Rxf6+ Qxf6 36. gxh5+ Kxh5 37. Qxf6 Rxf6 38. Kf2 g4 39. Re3 Rxf3+ 40. Rxf3 gxf3 41. Kxf3 Kg5 42. Ke4 Kf6 43. Kd4 Kf5 0-1

[Event "Gatineau Nez Rouge"]
[Site "Gatineau CAN"]
[Date "2012.12.11"]
[Round "4"]
[White "Kouassi, Karen"]
[Black "Legare, Gilles"]
[Result "0-1"]
[WhiteElo "1167"]
[BlackElo "1039"]
[PlyCount "80"]
[GameId "2160767909411368"]
[EventDate "2012.11.20"]
[EventType "swiss"]
[EventRounds "5"]
[EventCountry "CAN"]
[SourceTitle "EXT 2022"]
[Source "ChessBase"]
[SourceDate "2021.10.06"]
[SourceVersion "1"]
[SourceVersionDate "2021.10.06"]
[SourceQuality "1"]

1. e4 e6 2. Nf3 c5 3. Nc3 Nc6 4. d3 d6 5. Bf4 Be7 6. e5 d5 7. d4 cxd4 8. Nxd4 Nxd4 9. Qxd4 b6 10. b4 a5 11. b5 Bc5 12. Qd2 a4 13. a3 f6 14. Bd3 Bd4 15. O-O fxe5 16. Bg5 Ne7 17. Rfe1 O-O 18. Rab1 Qe8 19. Rf1 e4 20. Bxe4 Bxc3 21. Qxc3 dxe4 22. Rfe1 Nd5 23. Qe5 Rf5 24. Qg3 Qg6 25. h4 h6 26. Rxe4 hxg5 27. Rbe1 Bd7 28. Rg4 Rc8 29. f3 Qh6 30. hxg5 Qg6 31. Ree4 Nf4 32. Qh2 Nh5 33. f4 Rxb5 34. Rd4 Rb1+ 35. Kf2 Qxc2+ 36. Ke3 Rb3+ 37. Rd3 Qxd3+ 38. Kf2 Rb2+ 39. Ke1 Qd2+ 40. Kf1 Qd1# 0-1

[Event "Gatineau Nez Rouge"]
[Site "Gatineau CAN"]
[Date "2012.12.11"]
[Round "4"]
[White "Labelle, Julien Sylvain"]
[Black "Pilon, Robert"]
[Result "0-1"]
[WhiteElo "1174"]
[BlackElo "1529"]
[PlyCount "54"]
[GameId "2160767909411369"]
[EventDate "2012.11.20"]
[EventType "swiss"]
[EventRounds "5"]
[EventCountry "CAN"]
[SourceTitle "EXT 2022"]
[Source "ChessBase"]
[SourceDate "2021.10.06"]
[SourceVersion "1"]
[SourceVersionDate "2021.10.06"]
[SourceQuality "1"]

1. e4 e6 2. Nf3 d5 3. e5 c5 4. Nc3 Nc6 5. d4 Qb6 6. Bb5 Bd7 7. Be3 a6 8. Ba4 Nh6 9. Bg5 Nf5 10. O-O cxd4 11. Nxd4 Nfxd4 12. Re1 Nf5 13. Nxd5 exd5 14. Qxd5 Be6 15. Bxc6+ bxc6 16. Qd3 Be7 17. Rad1 Bxg5 18. g4 Ne7 19. Re4 O-O 20. Rf1 Rad8 21. Qe2 Rd2 22. Qe1 Rxc2 23. Kg2 Bd5 24. Qb4 Qxb4 25. Rfe1 Bxe4+ 26. Kf1 Bg2+ 27. Kxg2 Qxe1 0-1

[Event "Gatineau Nez Rouge"]
[Site "Gatineau CAN"]
[Date "2012.12.11"]
[Round "4"]
[White "Laurin, Marcel"]
[Black "Traversy, Pierre"]
[Result "1-0"]
[WhiteElo "1583"]
[BlackElo "1136"]
[PlyCount "73"]
[GameId "2160767909411370"]
[EventDate "2012.11.20"]
[EventType "swiss"]
[EventRounds "5"]
[EventCountry "CAN"]
[SourceTitle "EXT 2022"]
[Source "ChessBase"]
[SourceDate "2021.10.06"]
[SourceVersion "1"]
[SourceVersionDate "2021.10.06"]
[SourceQuality "1"]

1. d4 d5 2. c4 Nf6 3. Nc3 e6 4. a3 Bd7 5. Nf3 Nc6 6. Bf4 a6 7. e3 Be7 8. Rc1 Rc8 9. cxd5 exd5 10. Bd3 Bg4 11. h3 Bh5 12. g4 Nxg4 13. hxg4 Bxg4 14. Be2 f6 15. Nd2 Bf5 16. Bg4 Qd7 17. Bxf5 Qxf5 18. Qh5+ Qxh5 19. Rxh5 g5 20. Bg3 Kf7 21. Ke2 Bd6 22. Rch1 Kg7 23. Bxd6 cxd6 24. Nxd5 b5 25. Kd3 h6 26. Ne4 Na5 27. Nexf6 Rcf8 28. Ng4 Nc6 29. Rxh6 Rxh6 30. Rxh6 Rxf2 31. Rxd6 Rg2 32. Rxc6 Rxg4 33. Rxa6 Rg2 34. Kc3 g4 35. Nf4 g3 36. Nxg2 Kf7 37. Kb4 1-0

[Event "Gatineau Nez Rouge"]
[Site "Gatineau CAN"]
[Date "2012.12.11"]
[Round "4"]
[White "Lavergne, Daniel"]
[Black "Desjardins, Michel"]
[Result "0-1"]
[WhiteElo "1708"]
[BlackElo "1887"]
[PlyCount "110"]
[GameId "2160767909411371"]
[EventDate "2012.11.20"]
[EventType "swiss"]
[EventRounds "5"]
[EventCountry "CAN"]
[SourceTitle "EXT 2022"]
[Source "ChessBase"]
[SourceDate "2021.10.06"]
[SourceVersion "1"]
[SourceVersionDate "2021.10.06"]
[SourceQuality "1"]

1. e4 d5 2. exd5 Qxd5 3. Nc3 Qd6 4. d4 Nf6 5. Bc4 a6 6. Nge2 b5 7. Bb3 Bb7 8. Bf4 Qb6 9. f3 e6 10. Qd3 Nbd7 11. a4 b4 12. a5 Qa7 13. Na4 Bd5 14. O-O-O Bxb3 15. Qxb3 Nd5 16. Rhe1 Be7 17. c4 bxc3 18. Naxc3 Rb8 19. Qa4 Qb7 20. Rd2 Bb4 21. Qa2 O-O 22. Red1 N7f6 23. Rc2 Bd6 24. Nxd5 Nxd5 25. Bd2 Bb4 26. Nc3 Bxc3 27. bxc3 c6 28. Rb2 Qc7 29. g3 Rxb2 30. Qxb2 Rb8 31. Qa3 Qb7 32. Kc2 Qb5 33. Re1 h6 34. Qa2 Nf6 35. c4 Qf5+ 36. Kc1 Qxf3 37. Qc2 Qa3+ 38. Kd1 Qa1+ 39. Ke2 Qxd4 40. Qd3 e5 41. Qxd4 exd4 42. Kd3 c5 43. Bf4 Rb3+ 44. Kc2 Rc3+ 45. Kd2 Rxc4 46. Re7 Nd5 47. Re8+ Kh7 48. Ra8 Nb4 49. Rc8 Rc2+ 50. Kd1 d3 51. Bd6 Nd5 52. Rxc5 Ne3+ 53. Ke1 d2+ 54. Kf2 d1=Q+ 55. Rxc2 Nxc2 0-1

[Event "Gatineau Nez Rouge"]
[Site "Gatineau CAN"]
[Date "2012.12.11"]
[Round "4"]
[White "Morones, Oliver"]
[Black "Simard, Paul"]
[Result "0-1"]
[WhiteElo "1320"]
[BlackElo "1125"]
[PlyCount "88"]
[GameId "2160767909411372"]
[EventDate "2012.11.20"]
[EventType "swiss"]
[EventRounds "5"]
[EventCountry "CAN"]
[SourceTitle "EXT 2022"]
[Source "ChessBase"]
[SourceDate "2021.10.06"]
[SourceVersion "1"]
[SourceVersionDate "2021.10.06"]
[SourceQuality "1"]

1. d3 e5 2. e4 Nc6 3. Nc3 Nf6 4. h3 h6 5. a3 a6 6. Be3 b5 7. Nf3 Bb7 8. d4 exd4 9. Nxd4 Nxd4 10. Bxd4 d6 11. Qf3 Be7 12. Bd3 O-O 13. g4 c5 14. Be3 c4 15. Be2 Qd7 16. Qg3 Nxe4 17. Nxe4 Bxe4 18. f3 Bxc2 19. h4 f6 20. f4 d5 21. g5 fxg5 22. hxg5 hxg5 23. Bg4 Bf5 24. Bf3 gxf4 25. Bxf4 Qe6+ 26. Kf2 Rad8 27. Rae1 Qb6+ 28. Kg2 Be4 29. Bxe4 dxe4 30. Rxe4 Qb7 31. Rhe1 Rf5 32. Qh3 Rxf4 33. Qe6+ Rf7 34. Rf1 Rdf8 35. Kh3 Kh8 36. Rh1 Rf1 37. Rh2 R8f2 38. Rg2 Rh1+ 39. Kg3 Bh4+ 40. Kg4 Rxg2+ 41. Kf3 Rf2+ 42. Kg4 Rg2+ 43. Kf3 Rg3+ 44. Kf4 Qc7+ 0-1

[Event "Gatineau Nez Rouge"]
[Site "Gatineau CAN"]
[Date "2012.12.11"]
[Round "4"]
[White "Potvin, Daniel"]
[Black "Arsenault, Yves"]
[Result "1-0"]
[WhiteElo "1690"]
[BlackElo "1536"]
[PlyCount "129"]
[GameId "2160767909411373"]
[EventDate "2012.11.20"]
[EventType "swiss"]
[EventRounds "5"]
[EventCountry "CAN"]
[SourceTitle "EXT 2022"]
[Source "ChessBase"]
[SourceDate "2021.10.06"]
[SourceVersion "1"]
[SourceVersionDate "2021.10.06"]
[SourceQuality "1"]

1. e4 c5 2. Nf3 Nc6 3. c3 e5 4. d4 cxd4 5. cxd4 exd4 6. Nxd4 Nf6 7. Nxc6 bxc6 8. Bc4 Bb4+ 9. Bd2 Qe7 10. O-O O-O 11. Re1 Bxd2 12. Qxd2 d6 13. Nc3 Be6 14. Bd3 Rad8 15. Qc2 Qc7 16. Be2 Nd7 17. Rad1 f5 18. Nb5 Qb8 19. Nxd6 fxe4 20. Bc4 Nc5 21. Bxe6+ Nxe6 22. Nxe4 Rxd1 23. Rxd1 Nf4 24. Nd6 Qc7 25. b3 c5 26. Qc4+ Kh8 27. Qe4 Nh5 28. Qb7 Qa5 29. a4 Nf6 30. Qe7 Kg8 31. Nb7 Qc3 32. Nxc5 Re8 33. Ne4 Rxe7 34. Nxc3 Rb7 35. Rb1 Nd7 36. b4 Kf7 37. Kf1 Ne5 38. Ke2 Rc7 39. Ne4 Ke7 40. Rb2 Rc4 41. Nd2 Rd4 42. h3 Nd3 43. Nf3 Rd6 44. Rd2 Nxb4 45. Rxd6 Kxd6 46. Kd2 a6 47. Kc3 a5 48. Kc4 Kc6 49. Nd4+ Kb6 50. Ne6 g6 51. Nf8 Nc6 52. Nxh7 Ne7 53. Nf6 Kc6 54. g4 g5 55. Ne4 Nd5 56. Nxg5 Nb6+ 57. Kb3 Kd5 58. f4 Nd7 59. Kc3 Nc5 60. f5 Ke5 61. Kc4 Nxa4 62. Kb5 Nc3+ 63. Kxa5 Ne4 64. Nh7 Kf4 65. f6 1-0

[Event "Gatineau Nez Rouge"]
[Site "Gatineau CAN"]
[Date "2012.12.11"]
[Round "4"]
[White "Raymond, Daniel"]
[Black "Lemieux, Denis"]
[Result "0-1"]
[WhiteElo "1542"]
[BlackElo "1460"]
[PlyCount "102"]
[GameId "2160767909411374"]
[EventDate "2012.11.20"]
[EventType "swiss"]
[EventRounds "5"]
[EventCountry "CAN"]
[SourceTitle "EXT 2022"]
[Source "ChessBase"]
[SourceDate "2021.10.06"]
[SourceVersion "1"]
[SourceVersionDate "2021.10.06"]
[SourceQuality "1"]

1. e4 c6 2. d4 d5 3. Nc3 dxe4 4. Nxe4 Nd7 5. Bc4 e6 6. Nf3 Ngf6 7. Nxf6+ Nxf6 8. Bg5 Be7 9. O-O O-O 10. Bd3 c5 11. c3 cxd4 12. cxd4 Nd5 13. Be3 Nxe3 14. fxe3 Bd7 15. Ne5 f6 16. Qh5 h6 17. Qg6 f5 18. Rf3 Rf6 19. Qg3 Be8 20. Raf1 g5 21. h4 g4 22. Rf4 h5 23. Qf2 Kg7 24. e4 fxe4 25. Rxf6 Bxf6 26. Bxe4 Bc6 27. Bxc6 bxc6 28. Nxc6 Qf8 29. Qf4 Rc8 30. Qe4 Rxc6 31. d5 exd5 32. Qxd5 Qc5+ 33. Qxc5 Rxc5 34. g3 Bxb2 35. Rb1 Rc1+ 36. Rxc1 Bxc1 37. Kf2 Kf6 38. Ke2 Ke5 39. Kd3 Bf4 40. gxf4+ Kxf4 41. Ke2 g3 42. Kf1 Kg4 43. Kg2 Kxh4 44. a4 Kg4 45. a5 h4 46. a6 Kf4 47. Kf1 Kf3 48. Kg1 h3 49. Kh1 Ke4 50. Kg1 Kd5 51. Kf1 Kc5 0-1

[Event "Gatineau Nez Rouge"]
[Site "Gatineau CAN"]
[Date "2012.12.11"]
[Round "4"]
[White "Scantland, Patrick"]
[Black "Guimond, Michel"]
[Result "1-0"]
[WhiteElo "1837"]
[BlackElo "1991"]
[PlyCount "91"]
[GameId "2160767909411375"]
[EventDate "2012.11.20"]
[EventType "swiss"]
[EventRounds "5"]
[EventCountry "CAN"]
[SourceTitle "EXT 2022"]
[Source "ChessBase"]
[SourceDate "2021.10.06"]
[SourceVersion "1"]
[SourceVersionDate "2021.10.06"]
[SourceQuality "1"]

1. d4 c5 2. d5 e5 3. c4 d6 4. e4 g6 5. Nc3 Be7 6. Be2 Nd7 7. Nf3 f5 8. exf5 g5 9. h4 Nf8 10. Nxg5 Bxg5 11. Bh5+ Ng6 12. hxg5 N8e7 13. Bxg6+ Nxg6 14. Qh5 Qe7 15. Bd2 Qf7 16. O-O-O Bd7 17. Rde1 O-O-O 18. Qd1 e4 19. f4 exf3 20. gxf3 Ne5 21. Bf4 Nxc4 22. b3 Qg7 23. Qd3 Ne5 24. Bxe5 dxe5 25. Qe3 b6 26. Qxe5 Qxg5+ 27. f4 Qg3 28. Rhg1 Qd3 29. Re3 Qd4 30. Rd1 Qb4 31. d6 Kb8 32. Nd5 Qa3+ 33. Kb1 Rhg8 34. Nc7 Rg2 35. Re2 Rxe2 36. Qxe2 Kb7 37. Qe7 Kc8 38. Qf7 Qb4 39. Kb2 Qxf4 40. Qd5 Be8 41. Nxe8 c4 42. Qc6+ Kb8 43. Qc7+ Ka8 44. Qxd8+ Kb7 45. Qc7+ Ka6 46. Qxc4+ 1-0

[Event "Gatineau Nez Rouge"]
[Site "Gatineau CAN"]
[Date "2012.12.18"]
[Round "5"]
[White "Berthiaume, Serge"]
[Black "Pilon, Robert"]
[Result "1-0"]
[WhiteElo "1418"]
[BlackElo "1529"]
[PlyCount "57"]
[GameId "2160767909411377"]
[EventDate "2012.11.20"]
[EventType "swiss"]
[EventRounds "5"]
[EventCountry "CAN"]
[SourceTitle "EXT 2022"]
[Source "ChessBase"]
[SourceDate "2021.10.06"]
[SourceVersion "1"]
[SourceVersionDate "2021.10.06"]
[SourceQuality "1"]

1. d4 Nf6 2. Nf3 g6 3. Nc3 Bg7 4. e4 d6 5. Be3 O-O 6. h3 b6 7. Bc4 Ba6 8. Bb3 e6 9. Qd2 c5 10. O-O-O Qc7 11. Bf4 c4 12. Ba4 Nc6 13. Bb5 Bb7 14. Bxc4 e5 15. Bg3 Rfd8 16. Ng5 Rd7 17. Nb5 Qd8 18. Nxf7 Rxf7 19. dxe5 Nxe4 20. Bxf7+ Kxf7 21. Qf4+ Kg8 22. Qxe4 Na5 23. Qb4 d5 24. Nd6 Bc6 25. Qf4 Qd7 26. Qg4 Qe7 27. Rhe1 Nc4 28. Nxc4 dxc4 29. Qxc4+ 1-0

[Event "Gatineau Nez Rouge"]
[Site "Gatineau CAN"]
[Date "2012.12.18"]
[Round "5"]
[White "Desjardins, Michel"]
[Black "Scantland, Patrick"]
[Result "1/2-1/2"]
[WhiteElo "1887"]
[BlackElo "1837"]
[PlyCount "41"]
[GameId "2160767909411378"]
[EventDate "2012.11.20"]
[EventType "swiss"]
[EventRounds "5"]
[EventCountry "CAN"]
[SourceTitle "EXT 2022"]
[Source "ChessBase"]
[SourceDate "2021.10.06"]
[SourceVersion "1"]
[SourceVersionDate "2021.10.06"]
[SourceQuality "1"]

1. e4 c5 2. Nc3 d6 3. g3 e6 4. Bg2 Nc6 5. d3 g6 6. Be3 Bg7 7. Qd2 Rb8 8. Nge2 Nd4 9. O-O b5 10. b4 Nxe2+ 11. Nxe2 Bxa1 12. Rxa1 Qf6 13. e5 Qxe5 14. Rd1 Bb7 15. bxc5 Bxg2 16. Bd4 Qd5 17. Bxh8 e5 18. f4 Bh3 19. Nc3 Qxc5+ 20. d4 Qc6 21. Re1 1/2-1/2

[Event "Gatineau Nez Rouge"]
[Site "Gatineau CAN"]
[Date "2012.12.18"]
[Round "5"]
[White "Gagnon, Fabien"]
[Black "Guimond, Michel"]
[Result "1-0"]
[WhiteElo "1928"]
[BlackElo "1991"]
[PlyCount "87"]
[GameId "2160767909411379"]
[EventDate "2012.11.20"]
[EventType "swiss"]
[EventRounds "5"]
[EventCountry "CAN"]
[SourceTitle "EXT 2022"]
[Source "ChessBase"]
[SourceDate "2021.10.06"]
[SourceVersion "1"]
[SourceVersionDate "2021.10.06"]
[SourceQuality "1"]

1. e4 e6 2. d3 d5 3. Nd2 d4 4. f4 b6 5. Ngf3 Bb7 6. Be2 Nc6 7. c3 b5 8. Nb3 Qd7 9. Nbxd4 Nxd4 10. Nxd4 Bc5 11. Be3 Bb6 12. Nc2 f5 13. Bxb6 axb6 14. exf5 Bxg2 15. Rg1 Bh3 16. Bh5+ g6 17. fxg6 hxg6 18. Bxg6+ Kd8 19. Qf3 Ra7 20. Nd4 Ne7 21. Be4 Nd5 22. f5 Bxf5 23. Nxf5 exf5 24. Bxd5 Qe7+ 25. Kd1 c6 26. Rg8+ Rxg8 27. Bxg8 Qg7 28. Qg3 Qxg3 29. hxg3 Rg7 30. Be6 f4 31. g4 Rh7 32. Kc2 Rh2+ 33. Kb3 Re2 34. Bf5 f3 35. Rf1 f2 36. Be4 c5 37. Bc6 b4 38. cxb4 Ke7 39. bxc5 bxc5 40. Kc3 c4 41. dxc4 Kf6 42. c5 Kg5 43. Bb5 Re5 44. Kd4 1-0

[Event "Gatineau Nez Rouge"]
[Site "Gatineau CAN"]
[Date "2012.12.18"]
[Round "5"]
[White "Groleau, Gilles"]
[Black "Lavergne, Daniel"]
[Result "0-1"]
[WhiteElo "1949"]
[BlackElo "1708"]
[PlyCount "90"]
[GameId "2160767909411380"]
[EventDate "2012.11.20"]
[EventType "swiss"]
[EventRounds "5"]
[EventCountry "CAN"]
[SourceTitle "EXT 2022"]
[Source "ChessBase"]
[SourceDate "2021.10.06"]
[SourceVersion "1"]
[SourceVersionDate "2021.10.06"]
[SourceQuality "1"]

1. e4 e5 2. Nf3 Nc6 3. Bb5 a6 4. Bxc6 dxc6 5. d4 exd4 6. Qxd4 Qxd4 7. Nxd4 Bd7 8. O-O Nf6 9. Nc3 Bc5 10. Be3 Ng4 11. Rad1 Nxe3 12. fxe3 f6 13. Na4 Ba7 14. b4 b5 15. Nc5 Bxc5 16. bxc5 O-O-O 17. Rd3 Rde8 18. Rf4 Re5 19. Ra3 Rhe8 20. Rxa6 Kb7 21. Ra3 Rxc5 22. Kf2 Rce5 23. Nb3 Kb6 24. Nd2 c5 25. c4 b4 26. Rb3 Ra8 27. Rb2 Bc6 28. Rf5 Rxf5+ 29. exf5 Be8 30. Nb1 Kc6 31. Kf3 Bf7 32. Nd2 Ra3 33. Rc2 Rc3 34. Rb2 Bxc4 35. Nxc4 Rxc4 36. g4 Rc1 37. h4 Kb5 38. Rd2 c4 39. Rd7 c5 40. Rxg7 c3 41. g5 fxg5 42. hxg5 c2 43. f6 Rf1+ 44. Kg4 c1=Q 45. Rxh7 Qxe3 0-1

[Event "Gatineau Nez Rouge"]
[Site "Gatineau CAN"]
[Date "2012.12.18"]
[Round "5"]
[White "Kouassi, Karen"]
[Black "Labelle, Julien Sylvain"]
[Result "1-0"]
[WhiteElo "1167"]
[BlackElo "1174"]
[PlyCount "71"]
[GameId "2160767909411381"]
[EventDate "2012.11.20"]
[EventType "swiss"]
[EventRounds "5"]
[EventCountry "CAN"]
[SourceTitle "EXT 2022"]
[Source "ChessBase"]
[SourceDate "2021.10.06"]
[SourceVersion "1"]
[SourceVersionDate "2021.10.06"]
[SourceQuality "1"]

1. e4 e5 2. Nf3 Nc6 3. Nc3 Nf6 4. Bc4 Bb4 5. O-O O-O 6. Nd5 Nxe4 7. d3 Nd6 8. Nxb4 Nxb4 9. Nxe5 Nxc4 10. dxc4 d6 11. Nf3 Bg4 12. h3 Be6 13. c3 Nc6 14. Re1 Ne5 15. b3 Ng6 16. Re4 Bf5 17. Rd4 c5 18. Rxd6 Qe7 19. b4 Rae8 20. Bg5 Qe4 21. Rd5 h6 22. Be3 Ne7 23. Rxc5 b6 24. Re5 Qxc4 25. Qd2 f6 26. Rxf5 Nxf5 27. g4 Nxe3 28. fxe3 Qe6 29. Re1 f5 30. Nd4 Qe4 31. Nxf5 Kh8 32. Qd7 Qe5 33. Rd1 Rg8 34. Qxa7 g6 35. Rd7 Ra8 36. Rh7# 1-0

[Event "Gatineau Nez Rouge"]
[Site "Gatineau CAN"]
[Date "2012.12.18"]
[Round "5"]
[White "Legare, Gilles"]
[Black "Traversy, Pierre"]
[Result "0-1"]
[WhiteElo "1039"]
[BlackElo "1136"]
[PlyCount "80"]
[GameId "2160767909411382"]
[EventDate "2012.11.20"]
[EventType "swiss"]
[EventRounds "5"]
[EventCountry "CAN"]
[SourceTitle "EXT 2022"]
[Source "ChessBase"]
[SourceDate "2021.10.06"]
[SourceVersion "1"]
[SourceVersionDate "2021.10.06"]
[SourceQuality "1"]

1. e4 c5 2. Nc3 e6 3. Nf3 Nc6 4. d4 cxd4 5. Nxd4 Bb4 6. Be3 Nge7 7. Nxc6 bxc6 8. Bd3 Bb7 9. Qg4 Ng6 10. Qg3 e5 11. O-O d6 12. a3 Bxc3 13. bxc3 c5 14. Bb5+ Kf8 15. Bd3 Rb8 16. a4 a5 17. c4 Bc6 18. c3 Bd7 19. Be2 Bc6 20. Bf3 Bd7 21. Rad1 Be6 22. Be2 Qc7 23. Rb1 Rxb1 24. Rxb1 h6 25. f4 exf4 26. Bxf4 Nxf4 27. Qxf4 Ke7 28. Qg3 g6 29. e5 dxe5 30. Qe3 Kf6 31. Rf1+ Kg7 32. Re1 Re8 33. Rf1 Re7 34. Rf3 f5 35. Bd3 f4 36. Qe4 Bf5 37. Qe2 e4 38. Bc2 exf3 39. Qf2 Bxc2 40. gxf3 Bxa4 0-1

[Event "Gatineau Nez Rouge"]
[Site "Gatineau CAN"]
[Date "2012.12.18"]
[Round "5"]
[White "Lemieux, Denis"]
[Black "Potvin, Daniel"]
[Result "1-0"]
[WhiteElo "1460"]
[BlackElo "1690"]
[PlyCount "67"]
[GameId "2160767909411383"]
[EventDate "2012.11.20"]
[EventType "swiss"]
[EventRounds "5"]
[EventCountry "CAN"]
[SourceTitle "EXT 2022"]
[Source "ChessBase"]
[SourceDate "2021.10.06"]
[SourceVersion "1"]
[SourceVersionDate "2021.10.06"]
[SourceQuality "1"]

1. d4 g6 2. c4 Bg7 3. Nc3 c5 4. d5 Bxc3+ 5. bxc3 d6 6. f3 f5 7. e4 Nf6 8. Bd3 fxe4 9. fxe4 O-O 10. h3 e6 11. Nf3 e5 12. Bh6 Rf7 13. O-O Nh5 14. Qd2 Nf4 15. Kh2 Na6 16. Rab1 b6 17. Bc2 Nc7 18. Qe1 Qe7 19. Ng5 Rf6 20. Nf3 Qd7 21. Qh4 Rf7 22. Ng5 Rf6 23. g3 Nh5 24. Rxf6 Nxf6 25. Rf1 Nce8 26. g4 Qe7 27. Ba4 Ng7 28. Qf2 Nxg4+ 29. hxg4 Bxg4 30. Qf7+ Qxf7 31. Rxf7 Nh5 32. Rxh7 a6 33. Bd7 Bxd7 34. Rxd7 1-0

[Event "Gatineau Nez Rouge"]
[Site "Gatineau CAN"]
[Date "2012.12.18"]
[Round "5"]
[White "Morel, Joseph"]
[Black "Jobin, Gilles G"]
[Result "1/2-1/2"]
[WhiteElo "1640"]
[BlackElo "1816"]
[PlyCount "62"]
[GameId "2160767909411384"]
[EventDate "2012.11.20"]
[EventType "swiss"]
[EventRounds "5"]
[EventCountry "CAN"]
[SourceTitle "EXT 2022"]
[Source "ChessBase"]
[SourceDate "2021.10.06"]
[SourceVersion "1"]
[SourceVersionDate "2021.10.06"]
[SourceQuality "1"]

1. d4 g6 2. e4 Bg7 3. Nf3 d6 4. Bc4 Nf6 5. Nc3 O-O 6. O-O Nc6 7. h3 a6 8. a3 b5 9. Bd3 Bb7 10. Bg5 Nd7 11. Be2 f6 12. Be3 e5 13. Qd2 exd4 14. Nxd4 Nxd4 15. Bxd4 Re8 16. f4 Nc5 17. Bxc5 dxc5 18. Rad1 Qxd2 19. Rxd2 Rad8 20. Rxd8 Rxd8 21. Rd1 Rxd1+ 22. Bxd1 b4 23. Nd5 Bxd5 24. exd5 f5 25. axb4 Bxb2 26. Be2 cxb4 27. Bxa6 Kf7 28. Kf2 Kf6 29. Kf3 Bd4 30. Bc4 Bc5 31. g4 h6 1/2-1/2

[Event "Gatineau Nez Rouge"]
[Site "Gatineau CAN"]
[Date "2012.12.18"]
[Round "5"]
[White "Raymond, Robert"]
[Black "Raymond, Daniel"]
[Result "0-1"]
[WhiteElo "1408"]
[BlackElo "1542"]
[PlyCount "76"]
[GameId "2160767909411385"]
[EventDate "2012.11.20"]
[EventType "swiss"]
[EventRounds "5"]
[EventCountry "CAN"]
[SourceTitle "EXT 2022"]
[Source "ChessBase"]
[SourceDate "2021.10.06"]
[SourceVersion "1"]
[SourceVersionDate "2021.10.06"]
[SourceQuality "1"]

1. e4 c5 2. Nf3 d6 3. d4 cxd4 4. Nxd4 Nf6 5. Nc3 g6 6. Bd3 Bg7 7. O-O Nc6 8. Nf3 Bg4 9. Be2 O-O 10. Be3 a6 11. Nd4 Bxe2 12. Qxe2 Qd7 13. a3 Nxe4 14. Qd3 Nxc3 15. Qxc3 Rac8 16. Qd3 Ne5 17. Qd1 Nc4 18. Qc1 Nxe3 19. fxe3 e5 20. Nf3 Qc6 21. c3 Bh6 22. Ne1 d5 23. Nc2 d4 24. Qe1 dxc3 25. b3 Qe4 26. Rc1 Rfd8 27. Rf2 Rd2 28. Re2 Rcd8 29. Qf2 Rd1+ 30. Re1 Rxe1+ 31. Qxe1 Rd2 32. Qg3 Rxc2 33. Rf1 Bxe3+ 34. Kh1 Rf2 35. Re1 Qf4 36. Qxf4 Bxf4 37. g3 Bh6 38. Rxe5 c2 0-1

[Event "Gatineau Nez Rouge"]
[Site "Gatineau CAN"]
[Date "2012.12.18"]
[Round "5"]
[White "Rose, Richard1"]
[Black "Danilov, Alex"]
[Result "1-0"]
[WhiteElo "1885"]
[BlackElo "1693"]
[PlyCount "66"]
[GameId "2160767909411386"]
[EventDate "2012.11.20"]
[EventType "swiss"]
[EventRounds "5"]
[EventCountry "CAN"]
[SourceTitle "EXT 2022"]
[Source "ChessBase"]
[SourceDate "2021.10.06"]
[SourceVersion "1"]
[SourceVersionDate "2021.10.06"]
[SourceQuality "1"]

1. e4 c5 2. Nf3 e6 3. d4 cxd4 4. Nxd4 Nc6 5. c3 Nf6 6. Bd3 Qc7 7. O-O Bc5 8. Be3 d6 9. h3 O-O 10. Nd2 a6 11. N2b3 Ba7 12. Rc1 b5 13. Qe2 Ne5 14. f4 Nxd3 15. Qxd3 Bb7 16. Nd2 d5 17. e5 Ne4 18. Nxe4 dxe4 19. Qe2 Bd5 20. b3 Qd7 21. Rfd1 Qe7 22. Qg4 f6 23. exf6 Rxf6 24. c4 bxc4 25. bxc4 Bb7 26. Kh2 Rg6 27. Qh5 Bc5 28. g3 Re8 29. f5 exf5 30. Nxf5 Qe5 31. Bxc5 Rh6 32. Nxh6+ gxh6 33. Qxe5 Rxe5 1-0

[Event "Gatineau Nez Rouge"]
[Site "Gatineau CAN"]
[Date "2012.12.18"]
[Round "5"]
[White "Simard, Paul"]
[Black "Lecorre, Joel"]
[Result "0-1"]
[WhiteElo "1125"]
[BlackElo "1607"]
[PlyCount "130"]
[GameId "2160767909411387"]
[EventDate "2012.11.20"]
[EventType "swiss"]
[EventRounds "5"]
[EventCountry "CAN"]
[SourceTitle "EXT 2022"]
[Source "ChessBase"]
[SourceDate "2021.10.06"]
[SourceVersion "1"]
[SourceVersionDate "2021.10.06"]
[SourceQuality "1"]

1. e4 e6 2. d4 d5 3. e5 c5 4. Nf3 Nc6 5. Bb5 Bd7 6. Nc3 cxd4 7. Nxd4 Nxe5 8. Be2 a6 9. O-O Nf6 10. h3 Bc5 11. a3 Nc6 12. Be3 Qe7 13. b4 Ba7 14. b5 Nxd4 15. Bxd4 Bxd4 16. Qxd4 O-O 17. b6 Rac8 18. Bf3 Qd6 19. Rfe1 Rc4 20. Qd2 Rfc8 21. Ne2 Rxc2 22. Qe3 e5 23. Rec1 e4 24. Rxc2 Rxc2 25. Nd4 Rc8 26. Bd1 Qxb6 27. Qd2 Qc5 28. a4 Qc3 29. Qxc3 Rxc3 30. Ne2 Rc5 31. Nf4 g5 32. Ne2 b5 33. axb5 Bxb5 34. Nd4 Bd3 35. Nf5 h5 36. Kh2 Kh7 37. Nd6 Kg6 38. Ba4 g4 39. h4 d4 40. Bb3 Nd5 41. Rxa6 Bxa6 42. Nxe4 Rb5 43. Bc4 Nc3 44. Bxb5 Bxb5 45. Nd2 Kf5 46. Kg3 Ne4+ 47. Nxe4 Kxe4 48. f3+ Ke3 49. fxg4 d3 50. gxh5 d2 51. h6 Bd3 52. Kg4 d1=Q+ 53. Kg5 Bh7 54. Kf6 Qg4 55. Kxf7 Qg6+ 56. Ke7 Ke4 57. g4 Qxg4 58. Kf6 Qg6+ 59. Ke7 Ke5 60. h5 Qe6+ 61. Kf8 Qxh6+ 62. Kf7 Qf6+ 63. Ke8 Qg7 64. Kd8 Kd6 65. Ke8 Qe7# 0-1